Представление документа в формате RUSMARC

ПолеНазваниеЗначение
  Тип записи c
  Библиографический уровень m
001 Контрольный номер UONB/MAIN/68cdfc0abb114a279e455188f8c7b5c6
005 Дата корректировки 20241119130130.4
010 Индекс ISBN __
9 Тираж 6830 экз.
013 Номер (ISMN) __
d Цена 52 к.
071 Издательские номер (звукозапись и ноты) 21
a Номер, присвоенный агентством 289
100 Данные общей обработки __
a Данные общей обработки 20241112b1974 u y0rusy0189 ca
101 Язык документа 0_
a Язык текста rus
c Язык оригинала rus
102 Страна публикации __
a Страна публикации RU
125 Кодированные данные звукозаписи и нотных изданий __
a Форма изложения нотного текста с
128 Кодированные данные (звукозаписи-физические характеристики) __
a Кодированные данные: Музыкальная форма и тональность или лад zz
c Инструменты или голоса, рекомендуемые для солистов (устаревшее) kt
c Инструменты или голоса, рекомендуемые для солистов (устаревшее) vu
200 Заглавие и сведения об ответственности 1_
a Заглавие Вып. 4
e Сведения, относящиеся к заглавию для баяна и голоса с баяном
f Первые сведения об ответственности составитель В. А. Ивановский
203 Вид содержания и тип средства __
a Вид содержания Музыка
b Характеристика содержания знаковая
c Тип средства непосредственная
210 Выходные данные 1_
d Дата издания 1974
215 Физическое описание __
a Объем 39 с.
327 Примечание о содержании 11
a Примечание о содержании Содерж.: Кравченко Б. Мелодия. Портнов Г. Хорошо в деревне летом. Ивановский В. Частушка-коротушка ; Русские просторы / сл. А. Чуркина. Дмитриев В. Русское интермеццо. Барыбин Е. Есть народная примета / сл. Ю. Погорельского. Морозов А. Хлеб да соль / сл. А. Шутко. Колкер А. Печальная / сл. К. Рыжова. Ефремов В. У колодца / сл. А. Иванова. Успенский В., Гарин Л. Снега России : из кинофильма "Миссия в Кабуле" / сл. Н. Олева.
461 Уровень набора _0
1 2001
a Русский сувенир
f сборник пьес
v Вып. 4
1 2101
a Ленинград
a Москва
c 1971 -
1 001UONB/MAIN/41998ebc9ff243ffa7236120b38fda0c
1 215
d 29 см
464 Аналитический уровень _0
1 700 1
a Кравченко
b Б.
1 2001
a Мелодия
464 Аналитический уровень _0
1 700 1
a Портнов
b Г.
1 2001
a Хорошо в деревне летом
464 Аналитический уровень _0
1 700 1
a Ивановский
b В.
1 2001
a Частушка-коротушка
464 Аналитический уровень _0
1 036
t Голубых морей разливы...
1 700 1
a Ивановский
b В.
1 702 1
a Чуркин
b А.
1 2001
a Русские просторы
464 Аналитический уровень _0
1 700 1
a Дмитриев
b В.
1 2001
a Русское интермеццо
464 Аналитический уровень _0
1 700 1
a Барыбин
b Е.
1 702 1
a Погорельский
b Ю.
4 520
1 2001
a Есть народная примета
464 Аналитический уровень _0
1 036
t Есть у нас такой обычай...
1 700 1
a Морозов
b А.
1 702 1
a Шутко
b А.
4 520
1 2001
a Хлеб да соль
464 Аналитический уровень _0
1 036
t Не заводите вы, девчоночки, подруженьку-красавицу...
1 700 1
a Колкер
b А.
1 702 1
a Рыжов
b К.
4 520
1 2001
a Печальная
464 Аналитический уровень _0
1 036
t От века давнего ведется...
1 700 1
a Ефремов
b В.
1 702 1
a Иванов
b А.
4 520
1 2001
a У колодца
464 Аналитический уровень _0
1 036
t Всех зим российских январи...
1 700 1
a Успенский
b В.
1 701 1
a Гарин
b Л.
1 702 1
a Олев
b Н.
4 520
1 2001
a Снега России
e из кинофильма "Миссия в Кабуле"
1 50010
a Миссия в Кабуле
606 Тематические рубрики 0_
a Основная рубрика Баян
x Основная подрубрика Пьесы советских композиторов
606 Тематические рубрики 0_
a Основная рубрика Сольное пение
x Основная подрубрика Песни советских композиторов
610 Ключевые слова 0_
a Ключевые слова баян; сольное пение; пьесы советских композиторов; песни советских композиторов
686 Индексы других классификаций __
2 Код системы rubbk
a Классификационный индекс 85.954.6я43
686 Индексы других классификаций __
a Классификационный индекс 85.943.4-46я43
702 Вторичная интеллектуальная ответственность _1
a Фамилия Ивановский
b Имя (инициалы) В. А.
g Полное личное имя Владислав Александрович
801 Источник записи _0
a Страна RU
b Организация Ульяновская ОНБ
c Дата составления 20241112
g Правила каталогизации RCR
801 Источник записи _1
a Страна RU
b Организация Ульяновская ОНБ
c Дата составления 20241112
g Правила каталогизации RCR
901 Тип документа __
t Тип документа n
w Контрольный № источника UONB/MAIN/41998ebc9ff243ffa7236120b38fda0c
909 Создатель записи __
a Создатель записи Никитина Т. А.
b Дата создания записи 20241112